Kształty wysp #1 - Statystyki

Ogólne statystyki
  • Ten quiz został rozwiązany 1 972 razy
    1 930 od ostatniego zresetowania
  • Średni wynik to 9 z 16
Statystyki odpowiedzi
Obrazkowy Odpowiedź % Poprawnych
Australia
99%
Cypr
96%
Wielka Brytania
96%
Islandia
94%
Grenlandia
86%
Kuba
85%
Cejlon
74%
Sycylia
65%
Kreta
50%
Nowa Gwinea
40%
Wyspa Północna
37%
Celebes
34%
Hokkaido
34%
Nowa Fundlandia
27%
Ziemia Baffina
18%
Hawai'i
8%
Nie znaleziono quizów pasujących do podanych kryteriów
Rozkład punktacji
Procent ludzi z każdym wynikiem
Percentyl według liczby udzielonych odpowiedzi
Twoja historia wyników
Nie rozwiązałeś tego quizu od ostatniego zresetowania